000 00553nam a2200181Ia 4500
003 GCL
008 140319s9999 xx 000 0 ara d
040 _aGCL /
_cGCL
082 0 4 _a157.7
_bم ق
100 1 _aمحمد ابراهيم الفيومى
245 1 0 _aالقلق الانسانى - مصادر - تياراته - علاج الدين له ط 3 /
_cمحمد ابراهيم الفيومى
300 _a463 ص
490 _aكتاب
_v0
650 0 4 _aعلم النفس
650 0 4 _aالشخصية
650 0 4 _aالقلق
942 _2ddc
_cBK
999 _c41300
_d41300